00673nam a2200181 i 450000100060000000300090000600500170001500700030003200800410003510000290007624501140010526000370021930000300025670000300028685200320031699900170034895201260036581594ES-MaACL20230906174453.0t|041105s1960 sp ||||1| spa d1 aHutchinson, Eric.96483510aQuímica b: los elementos y sus reacciones / cEric Hutchinson ; versión española por José Beltrán. aBarcelona : bReverté, c1960. a820 p. : bil. ; c22 cm.1 aBeltrán, José.927340 aES-MaACLjC-18871 bR.46929 c81594d81594 00104070aATENEOMbATENEOMcGaleríad2008-01-17eSCl0oC-18871p1085289r2023-02-23 00:00:00w2023-02-23yMONOGRAFIA